Small-Scale root crops and tubers processing and products Production methods, equipment and quality assurance practices, (Record no. 25438)

000 -LEADER
fixed length control field 00374nam a22001217a 4500
040 ## - CATALOGING SOURCE
Transcribing agency RUA
082 ## - DEWEY DECIMAL CLASSIFICATION NUMBER
Classification number UNI PET 2004 C108 Or.
100 ## - MAIN ENTRY--AUTHOR NAME
Personal name PETER FELLOWS,
245 ## - TITLE STATEMENT
Title Small-Scale root crops and tubers processing and products Production methods, equipment and quality assurance practices,
260 ## - PUBLICATION, DISTRIBUTION, ETC. (IMPRINT)
Place of publication PHNOM PENH
Name of publisher RUA
Year of publication 2004
300 ## - PHYSICAL DESCRIPTION
Number of Pages 91p.
Other physical details ill.
Dimensions 29cm.
942 ## - ADDED ENTRY ELEMENTS (KOHA)
Koha item type សៀវភៅភាសាអង់គ្លេស
952 ## - LOCATION AND ITEM INFORMATION (KOHA)
Withdrawn status [LOCAL, KOHA] 0
952 ## - LOCATION AND ITEM INFORMATION (KOHA)
Withdrawn status [LOCAL, KOHA] 0
952 ## - LOCATION AND ITEM INFORMATION (KOHA)
Withdrawn status [LOCAL, KOHA] 0
952 ## - LOCATION AND ITEM INFORMATION (KOHA)
Withdrawn status [LOCAL, KOHA] 0
952 ## - LOCATION AND ITEM INFORMATION (KOHA)
Withdrawn status [LOCAL, KOHA] 0
952 ## - LOCATION AND ITEM INFORMATION (KOHA)
Withdrawn status [LOCAL, KOHA] 0
Holdings
Permanent Location Date acquired Koha item type Lost status Shelving location Barcode Current Location Full call number
Library Block C2026-02-02សៀវភៅភាសាអង់គ្លេស C108C034373Library Block CUNI PET 2004 C108 Or.
Library Block C2026-02-02សៀវភៅភាសាអង់គ្លេស C108C034374Library Block CUNI PET 2004 C108 Or.
Library Block C2026-02-02សៀវភៅភាសាអង់គ្លេស C108C034375Library Block CUNI PET 2004 C108 Or.
Library Block C2026-02-02សៀវភៅភាសាអង់គ្លេស C108C034376Library Block CUNI PET 2004 C108 Or.
Library Block C2026-02-02សៀវភៅភាសាអង់គ្លេស C108C034377Library Block CUNI PET 2004 C108 Or.
Library Block C2026-02-02សៀវភៅភាសាអង់គ្លេស C108C034378Library Block CUNI PET 2004 C108 Or.
មជ្ឈមណ្ឌលឯការនៃសាកលវិទ្យាល័យភូមិន្ទកសិកម្មចំការដូង

Powered by Koha